La vejez y sus múltiples caras / (Registro nro. 12914)

Detalles MARC
000 -LIDER
fixed length control field 00665nam a22002177a 4500
003 - IDENTIFICACDOR DE NÚMERO DE CONTROL
control field DO-SdBNP
005 - DATE AND TIME OF LATEST TRANSACTION
control field 20171129153432.0
008 - ELEMENTOS DE LONGITUD FIJA
fixed length control field 171116b 1988||| |||| 00| 0 spa d
020 ## - ISBN
International Standard Book Number 9653330012
040 ## - FUENTE DE CATALOGACIÓN
Agencia que crea de manera original el registro BPMSU
Idioma de catalogación spa
Agencia que realiza la transcripción BPMSU
082 ## - NÚMERO DE CLASIFICACIÓN DECIMAL DE DEWEY
Classification number xxxxxxx
Item number xxxxxxx
100 1# - ASIENTO PRINCIPAL -- NOMBRE PERSONAL
Nombre personal Motlis, Jaime,
Fechas asociadas con el nombre 1962-
245 13 - MENCIÓN DE TITULO
Título La vejez y sus múltiples caras /
Mención de responsabilidad Jaime Motlis ; prólogo Jiménez Herrero, Fernando
250 ## - MENCIÓN DE EDICION
Mención de edición 2a ed.
260 ## - PUBLICACIÓN, DISTRIBUCIÓN, ETC. (PIE DE IMPRENTA)
Lugar de publicación, distribución, etc Israel :
Nombre del editor, distribuidor, etc. Aurora,
Fecha de publicación, distribución, etc 1988.
504 ## - NOTA DE BIBLIOGRAFÍA, ETC.
Bibliography, etc Bibliografía : p. 259-266
700 1# - ASIENTO SECUNDARIO -- NOMBRE PERSONAL
Nombre personal Jiménez Herrero, Fernando,
Mención de responsabilidad pról.
942 ## - ADDED ENTRY ELEMENTS (KOHA)
Source of classification or shelving scheme Dewey Decimal Classification
Koha item type Libros
945 ## - INFORMACIÓN DE PROCESAMIENTO LOCAL
Información de procesamiento local Inventariado extranjero / 2017 YL
956 ## - LOCAL ELECTRONIC LOCATION AND ACCESS (OCLC)
Nombre de host BTAVAREZ
Número de acceso 10
Información de compresión 20171116
Trayectoria 0038
Existencias
Withdrawn status Lost status Source of classification or shelving scheme Damaged status Not for loan Collection code Home library Current library Date acquired Source of acquisition Total Checkouts Full call number Barcode Date last seen Price effective from Koha item type
    Dewey Decimal Classification     Colección General Biblioteca Pública Metropolitana Salomé Ureña Biblioteca Pública Metropolitana Salomé Ureña 11/16/2017 Embajada de Israel   xxxxxxx xxxxxxx BPMSU17110222 11/16/2017 11/16/2017 Libros